250 animes les plus populaires de MyAnimeList (été 2022) - Statistiques

Statistiques générales
  • Ce quiz a été pris 389 fois
  • Le résultat moyen est 96 sur 250
Statistiques - réponses
Numéro Réponse % Correct
25 One Piece
98%
8 Naruto
97%
16 Naruto Shippuden
97%
145 Dragon Ball
87%
219 Dragon Ball Super
87%
104 Dragon Ball Z
87%
228 K
86%
1 Attack on Titan
82%
12 Attack on Titan Season 2
82%
18 Attack on Titan Season 3
82%
28 Attack on Titan Season 3 Part 2
82%
42 Attack on Titan: The Final Season
82%
143 Attack on Titan: The Final Season Part 2
82%
9 Demon Slayer: Kimetsu no Yaiba
82%
128 Demon Slayer: Kimetsu no Yaiba Entertainment District Arc
82%
88 Demon Slayer -Kimetsu no Yaiba- The Movie: Mugen Train
82%
6 My Hero Academia
82%
14 My Hero Academia Season 2
82%
26 My Hero Academia Season 3
82%
55 My Hero Academia Season 4
82%
140 My Hero Academia Season 5
82%
249 My Hero Academia: Two Heroes
82%
2 Death Note
80%
40 Bleach
79%
10 Hunter X Hunter
77%
24 Jujutsu Kaisen
76%
46 Fairy Tail
72%
149 Fairy Tail Series 2
72%
74 Fullmetal Alchemist
70%
3 Fullmetal Alchemist Brotherhood
70%
37 Haikyu!!
70%
84 Haikyu!! 2nd Season
70%
182 Haikyu!! To the Top
70%
240 Haikyu!! To the Top Part 2
70%
112 Haikyuu!!: 3rd Season
70%
7 Tokyo Ghoul
70%
108 Kuroko's Basket
65%
193 Kuroko's Basket Season 2
65%
4 One Punch Man
65%
62 One Punch Man Season 2
65%
5 Sword Art Online
65%
147 Sword Art Online: Alicization
65%
33 Sword Art Online II
65%
250 Sword Art Online Movie: Ordinal Scale
65%
117 Tokyo Ghoul:re
65%
34 Assassination Classroom
64%
45 Tokyo Ghoul √A
64%
200 Tokyo Ghoul:re 2nd Season
64%
122 Tokyo Revengers
63%
68 Black Clover
62%
64 JoJo's Bizarre Adventure
59%
194 Boruto: Naruto Next Generations
58%
30 The Seven Deadly Sins
58%
121 The Seven Deadly Sins: Revival of the Commandments
58%
17 Code Geass: Lelouch of the Rebellion
57%
47 Code Geass: Lelouch of the Rebellion R2
57%
58 Dr. Stone
56%
162 Dr. Stone : Stone Wars
56%
95 Vinland Saga
56%
85 Assassination Classroom Second Season
55%
101 Fire Force
55%
131 JoJo's Bizarre Adventure: Diamond is Unbreakable
55%
156 JoJo's Bizarre Adventure: Golden Wind
55%
113 JoJo's Bizarre Adventure: Stardust Crusaders
55%
135 JoJo's Bizarre Adventure: Stardust Crusaders - Battle in Egypt
55%
23 Re:ZERO -Starting Life in Another World-
55%
136 Re:ZERO -Starting Life in Another World- Season 2
55%
221 Re:ZERO -Starting Life in Another World- Season 2 Part 2
55%
239 Kuroko's Basket Season 3
54%
116 Food Wars! Shokugeki no Soma: The Second Plate
53%
54 Food Wars! Shokugeki no Soma
53%
153 Food Wars! The Third Plate
53%
126 Spy X Family
53%
60 Kaguya-sama: Love is War
52%
99 Kaguya-sama: Love is War Season 2
52%
21 Your Lie in April
52%
11 Your Name.
52%
48 Neon Genesis Evangelion
51%
174 Neon Genesis Evangelion: The End of Evangelion
51%
134 Gintama
50%
215 Great Teacher Onizuka
49%
39 The Promised Neverland
49%
107 Black Butler
48%
36 Blue Exorcist
48%
235 Blue Exorcist: Kyoto Saga
48%
51 Violet Evergarden
48%
233 Fruits Basket 1st Season
47%
154 Fate/stay night
46%
130 Fate/stay night: Unlimited Blade Works
46%
187 Fate/stay night: Unlimited Blade Works 2nd Season
46%
72 Fate/Zero
46%
120 Fate/Zero 2nd Season
46%
78 Kakegurui
45%
236 Kakegurui××
45%
132 K-ON!
44%
15 No Game No Life
44%
185 No Game No Life: Zero
44%
69 Overlord
43%
152 Overlord II
43%
191 Overlord III
43%
41 Parasyte: The Maxim
43%
13 Steins;Gate
43%
188 Steins;Gate 0
43%
49 Death Parade
42%
31 ERASED
42%
35 Mob Psycho 100
42%
83 Mob Psycho 100 II
42%
22 Noragami
42%
76 Noragami Aragoto
42%
173 The Promised Neverland Season 2
42%
29 Akame ga Kill!
41%
32 Mirai Nikki
41%
56 Soul Eater
41%
52 Another
40%
19 A Silent Voice
40%
63 Darling in the FranXX
39%
151 Monster
39%
57 Psycho-Pass
39%
44 Spirited Away
39%
27 Angel Beats!
38%
91 Made in Abyss
38%
43 Cowboy Bebop
37%
213 Free!
37%
109 Horimiya
37%
124 Classroom of the Elite
36%
103 Princess Mononoke
36%
89 That Time I Got Reincarnated as a Slime
36%
195 That Time I Got Reincarnated as a Slime Season 2
36%
123 Devilman: Crybaby
35%
115 Dororo
34%
81 High School DxD
34%
50 Kill La Kill
34%
220 High School DxD BorN
33%
167 High School DxD New
33%
20 Toradora!
33%
92 Bungo Stray Dogs
32%
225 Bungo Stray Dogs 2
32%
77 Clannad
32%
106 Clannad: After Story
32%
94 Howl's Moving Castle
32%
71 The Rising of the Shield Hero
31%
217 Banana fish
30%
150 Black Lagoon
30%
38 KonoSuba: God's Blessing on This Wonderful World!
30%
75 KonoSuba: God's Blessing on This Wonderful World! 2
30%
125 Mushoku Tensei: Jobless Reincarnation
30%
53 Rascal Does Not Dream of Bunny Girl Senpai
30%
169 Rent-a-Girlfriend
30%
205 Beastars
29%
102 Samurai Champloo
29%
79 Durarara!!
29%
214 Orange
29%
178 Yuri!!! On ICE
29%
80 Bakemonogatari
28%
65 Charlotte
28%
207 My Dress-Up Darling
28%
141 My Neighbor Totoro
27%
148 Prison School
27%
59 Anohana: The Flower We Saw That Day
26%
247 Grand Blue
26%
73 Highschool of the Dead
26%
160 Black Bullet
25%
189 Magi: The Kingdom of Magic
25%
137 Magi: The Labyrinth of Magic
25%
230 Seraph of the End: Battle in Nagoya
25%
90 Seraph of the End: Vampire Reign
25%
61 Gurren Lagann
24%
183 Tower of God
24%
129 Goblin Slayer
23%
67 Elfen Lied
22%
70 Is It Wrong to Try to Pick Up Girls in a Dungeon?
22%
229 Is It Wrong to Try to Pick Up Girls in a Dungeon? II
22%
180 I Want To Eat Your Pancreas
22%
237 Nisemonogatari
22%
171 Blue Spring Ride
21%
226 Inuyasha
21%
197 Yona of the Dawn
21%
98 Maid Sama!
20%
144 ReLIFE
20%
157 Danganronpa: The Animation
19%
97 Deadman Wonderland
19%
175 The Quintessential Quintuplets
19%
211 Akira
18%
222 GATE
18%
118 Log Horizon
18%
139 Saiki Kusuo no Ψ-nan
18%
181 BTOOOM!
17%
142 Date A Live
17%
100 Guilty Crown
17%
168 Hellsing Ultimate
17%
234 Komi Can't Communicate
17%
110 Nisekoi
17%
163 Plastic Memories
17%
231 To Your Eternity
17%
87 Hyouka
16%
82 My Teen Romantic Comedy SNAFU
16%
138 My Teen Romantic Comedy SNAFU Too!
16%
170 Weathering with You
16%
244 Trigun
15%
105 Miss Kobayashi's Dragon Maid
14%
165 Wotakoi: Love is Hard for Otak
14%
146 Golden Time
13%
93 Puella Magi Madoka Magica
13%
114 Terror in Resonance
13%
186 The God Of High School
13%
172 Kimi ni Todoke: From Me to You
12%
202 Mushishi
12%
204 Spice and Wolf
12%
243 Accel World
11%
245 Don't Toy with Me, Miss Nagatoro
11%
176 Nichijou - My Ordinary Life
11%
166 Baccano!
10%
155 Darker than Black
10%
111 Kyoukai no Kanata
10%
86 Love, Chunibyo & Other Delusions!
10%
241 Love, Chunibyo & Other Delusions!: Heart Throb
10%
127 My Little Monster
10%
177 Youjo Senki
10%
184 Kekkai Sensen
9%
198 Masamune-kun's Revenge
9%
119 Ouran High School Host Club
9%
179 The Ancient Magus' Bride
9%
66 The Devil is a Part-Timer!
9%
196 Trinity Seven
9%
96 The Pet Girl of Sakurasou
8%
208 When They Cry
8%
164 Chivalry of a Failed Knight
7%
212 FLCL
7%
216 Kabaneri of the Iron Fortress
7%
242 Kiznaiver
7%
133 The Irregular at Magic High School
7%
227 Yamada-kun and the Seven Witches
7%
158 5 Centimeters Per Second
6%
232 Haven't You Heard? I'm Sakamoto
6%
159 The Melancholy of Haruhi Suzumiya
6%
203 A Certain Magical Index
5%
190 Kokoro Connect
4%
224 SHIMONETA: A Boring World Where the Concept of Dirty Jokes Doesn't Exist
4%
223 Shinsekai Yori
4%
248 Grimgar: Ashes and Illusions
3%
161 Monthly Girls' Nozaki-kun
3%
199 The Familiar of Zero
3%
192 The Garden of Words
3%
218 The Girl Who Leapt Through Time
3%
209 Wolf Children
3%
210 Into the Forest of Fireflies' Light
2%
246 Welcome to the N.H.K.
2%
201 Haganai: I don't have many friends
1%
238 Monster Musume: Everyday Life with Monster Girls
1%
206 Daily Lives of High School Boys
0%
Aucun quiz correspondant
Distribution des résultats
% des personnes avec chaque résultat
Percentile par nombre de réponses
Votre historique - résultats
Vous n’avez pas pris ce quiz